Asistencia y guía de grupos

Furkejuvvon:
Bibliográfalaš dieđut
Váldodahkki: Cabo Nadal, Mónica (Dahkki)
Materiálatiipa: Girji
Giella:espánnjágiella
Almmustuhtton: Madrid Thomson 2004
Ráidu:Hostelería y Turismo
Fáttát:
Fáddágilkorat: Lasit fáddágilkoriid
Eai fáddágilkorat, Lasit vuosttaš fáddágilkora!

MARC

LEADER 00000nam a2200000 a 4500
001 UCI5189
003 CL-VaPUC
008 080314e20040000SP |||||||||||||||||spa|d
020 |a 8497323076 
082 0 4 |a 338.4791  |b CAB  |2 21 
100 0 |a Cabo Nadal, Mónica  |e author  |9 527333 
245 1 0 |a Asistencia y guía de grupos 
300 |a 298 p 
942 |c BK 
945 |d 20080314 00:00:00  |a jtorresc 
260 |a Madrid  |b Thomson  |c 2004 
650 0 |a Agencias de viajes   |9 412826 
650 0 |a Industria del turismo  |9 525711 
650 0 |a Viajes  |9 257115 
650 7 |a TUERISMO  |2 CL-VaPUC  |9 527334 
650 7 |a DESTINO  |2 CL-VaPUC  |9 373506 
650 7 |a HOTELERIA  |2 CL-VaPUC  |9 527335 
650 0 |a Marketing  |9 259324 
650 0 |a Administración hotelera  |9 527324 
650 7 |a GUIAS TURISTICAS  |2 CL-VaPUC  |9 346990 
583 |a last modification  |c 20080314 00:00:00  |k Rodrigo Vera 
490 0 |a Hostelería y Turismo 
999 |c 328952  |d 328950 
952 |0 0  |1 0  |4 0  |6 338_479100000000000_CAB_2004  |7 0  |8 A  |9 413169  |a BIBING  |b BIBING  |d 2019-11-22  |i 465840K  |o 338.4791 CAB 2004  |p 465840K  |r 2025-01-20  |w 2019-11-22  |y BK  |k GEO